000 00961nam a22002657a 4500
001 BR8405530
003 BR-BrBNA
005 20230928092037.0
007 ta
008 230509b bl.||||| |||| 00| 0 por d
040 _aBR-BrBNA
_bpor
_cBiblioteca Nacional de Agricultura
041 _a(Por)
072 _aC20
_b/G514
090 _ C20 BR8405530
110 1 _aAssociacao de Credito e Assistencia Rural de Santa Catarina, Florianopolis (Brasil);
110 1 _aEmpresa de Assistencia Tecnica e Extensao Rural do Estado de Santa Catarina, Florianopolis (Brasil)
_94031
245 1 _aInformativo da extensao [Santa Catarina, Brasil]
260 3 _aFlorianopolis, SC (Brasil):
_c1984.
300 _a34 p.
500 _a(*) Documento disponível no(a) Instituto de Planejamento e Economia Agricola de Santa Catarina, Florianopolis (Brazil)
650 _aEXTENSAO RURAL
650 _aSANTA CATARINA
909 _a202309
_bLucia
_c55
_dLucia Elande
942 _cBK
999 _c36862
_d36862